000 03952nam0a22005051 4500
001 RU\NLR\A1\955
005 20260406105854.0
035 _a(NLR Aleph) 009671109
090 _a9661672
_c9661672
100 _a19960729d1788 m y0rusy50 ca
101 0 _arus
102 _aRU
135 _acrcn 024anaba
140 _ay y ma yaa0000
200 1 _aЗабава в скуке или Новой увеселительной способ. Гадать на картах.
210 _aв Москве
_cИждивением А.Решетникова
_c[тип. А.Анненкова]
_d1788
215 _a1-51, 32, 38, [1] с.
_cил.
_d
300 _aТит. л. грав.
300 _aНа обороте тит. л.: печатана с указанаго дозволения в типографии А.А.
300 _aИмеются ошибки в паг.: с.52-53 помечены как 32 и 38.
316 _aЭкз. РНБ (18.90.5.44) в сост. картон. пер., обтянутом серой бумагой, с кожаными коричневыми корешком и уголками. Верхняя крышка пер. оторвана. На нижней крышке пер. экслибрис рус. фонда ГПБ с шифром. Корешок гладкий, с блинтовым тиснением. На корешке фрагм. коричневой кожаной наклейки, на которой вытиснено: "Забава в скуке" и бумаж. наклейка с порядковым номером кн. на полке: "44". Обрез крапчатый крас. На форзаце ярлык с шифром РНБ и владельч. запись: "Ni. Va.". На нахзаце пустой ярлык (перевернут). На тит. л., с.33 и 53, помеченной как 38, круглый штамп ГПБ.
_5NLR: 18.90.5.44
321 1 _aСК XVIII 2286
325 1 _aКопия доступна в электронной библиотеке РНБ
325 1 _aВоспроизведен микрофильм. РНБ Репрография: Санкт-Петербург, 2015. Позитив: 40 кадров; микрофильм рулонный; 35мм; монохромный; основа безопасная; эмульсия галогеносеребряная; кратность уменьшения 8; рабочая копия. Негатив: # кадров ; 40 мм ; основная страховая копия.
327 0 _aКнигопродавч. роспись А.Решетникова (С.51-53)
517 1 _aНовой увеселительной способ гадать на картах.
518 1 _aНовый увеселительный способ гадать на картах
620 _dМосква
702 1 _4610
_4160
_8rus
_7ca
_aРешетников
_bА. Г.
_cиздатель
_f18 в.-19 в.
_gАндрей Гордеевич
_3RU\NLR\AUTH\77104105
_987030
702 1 _6z01790
_aАнненков
_bА.
_4610
712 0 0 _4610
_aАнненков,
_cМосква
_gА.,
_hтипография
_9515558
_3RU\NLR\AUTH\880425512
790 0 _6z01702
_aА.А.
801 0 _aRU
_bNLR
_c19960729
852 _aNLR
_j18.90.5.44
856 0 _uhttp://vivaldi.nlr.ru/bx000014879/view
856 1 _uhttp://vivaldi.nlr.ru/bx000014879/cover
856 2 _uhttp://vivaldi.nlr.ru/bx000014879/text
901 _eКнижные издания
942 _cBOOK
980 _aNB
980 _aA1XVIIIv
981 2 0 _a(20) Книжные памятники РНБ
981 2 2 _a(22) Материалы по истории России
_b(22) История России до 25 октября (7 ноября) 1917 года
_bКультура. Наука. Просвещение.